| 000 | 05664cam a22002534a 4500 | ||
|---|---|---|---|
| 008 | 250421t mx ||||| |||| 00| 0 spa d | ||
| 020 | _a9786074815030 | ||
| 040 |
_aTecNM _bspa _cTecNM _erda |
||
| 041 | _aspa | ||
| 050 | 0 | 0 |
_aTS177 _bT66 _c2011 |
| 100 | 1 |
_a James A. Tompkins, _94440 _eautor |
|
| 245 | 0 | 0 | _aPlaneación de instalaciones |
| 250 | _a4 ED | ||
| 260 | 3 |
_aMéxico _bCengage _c2011 |
|
| 300 |
_a864 pág _bimágenes y graficas _c27 cm |
||
| 505 | _aParte Uno DEFINICIÓN DE LOS REQUERIMIENTOS Capítulo 1 - INTRODUCCIÓN 1.1 Definición de planeación de instalación: 3 1.2 Importancia de la planeación de instalaciones: 9 1.3 Objetivos de la planeación de instalaciones: 12 1.4 El proceso de planeación de instalaciones: 13 1.5 La planeación estratégica de instalaciones: 18 1.6 Desarrollo de estrategias para la planeación de instalaciones: 21 1.7 Ejemplos de planeación inadecuada: 24 1.8 Resumen: 26 Referencias: 27 Problemas: 28 Capítulo 2 - DISEÑO DE PRODUCTOS, PROCESOS Y PROGRAMAS 2.1 Introducción: 30 2.2 Diseño de productos: 32 2.3 Diseño del proceso: 36 2.4 Diseño de programas: 47 2.5 Diseño de plantas: 63 2.6 Resumen: 70 Referencias: 72 Problemas: 74 Capítulo 3 - EL FLUJO, EL ESPACIO Y LAS RELACIONES DE LAS ACTIVIDADES 3.1 Introducción: 83 3.2 Sistemas de flujo: 84 3.3 Sistema de flujo de materiales: 88 3.4 Planificación departamental: 97 3.5 Relaciones de las actividades: 113 3.6 Requerimientos de espacio: 119 3.7 Resumen: 129 Referencias: 129 Problemas: 131 Parte Dos REQUERIMIENTOS DEL PERSONAL Capítulo 4 - REQUERIMIENTOS DEL PERSONAL 4.1 Introducción: 137 4.2 Interfase empleado-planta: 138 4.3 Baños: 146 4.4 Servicios de alimentos: 151 4.5 Servicios médicos: 156 4.6 Un diseño sin obstáculos: 157 4.7 Planificación de una planta para oficinas: 160 4.8 Resumen: 170 Referencias: 170 Problemas: 171 DESARROLLO DE ALTERNATIVAS: CONCEPTOS Y TÉCNICAS Capítulo 5 - MANEJO DE MATERIALES 5.1 Introducción: 175 5.2 El ámbito y las definiciones del manejo de materiales: 176 5.3 Principios del manejo de materiales: 179 5.4 Diseño de sistemas de manejo de materiales: 181 5.5 Diseño de carga unitaria: 186 5.6 El equipo de manejo de materiales: 204 5.7 Estimación de los costos del manejo de materiales: 209 5.8 Consideraciones de seguridad: 210 5.9 Resumen: 212 Referencias: 212 Problemas: 213 Parte Tres DISEÑO DE PLANTAS PARA DIVERSAS FUNCIONES Capítulo 7 - OPERACIONES DEL ALMACÉN 7.1 Introducción: 385 7.2 Misiones de un almacén: 387 7.3 Funciones en el almacén: 389 7.4 Operaciones de recepción y embarque: 391 7.5 Ubicación de las plataformas: 414 7.6 Operaciones de almacenamiento: 415 Parte Cuatro DESARROLLO DE ALTERNATIVAS: MÉTODOS CUANTITATIVOS Capítulo 10 - MODELOS CUANTITATIVOS DE PLANIFICACIÓN DE PLANTAS 10.1 Introducción: 517 10.2 Modelos de ubicación de plantas: 518 10.3 Modelos especiales de distribución de plantas: 569 10.4 Modelos de distribución para máquinas: 577 10.5 Modelos para almacenamiento convencional: 580 10.6 Sistemas automatizados de almacenamiento y recuperación: 608 10.7 Sistemas de recolección de pedidos (order picking systems): 627 10.8 Modelos de manejo de materiales de trayectoria fija: 642 10.9 Modelos de líneas de espera: 671 10.10 Modelos de simulación: 701 10.11 Resumen: 705 Referencias: 705 Problemas: 709 Parte Cinco SELECCIÓN, PREPARACIÓN, PRESENTACIÓN, EVALUACIÓN, IMPLEMENTACIÓN Y MANTENIMIENTO Capítulo 11 - EVALUACIÓN Y SELECCIÓN DEL PLAN DE LA PLANTA 11.1 Introducción: 745 11.2 Evaluación de los planes de la planta: 748 11.3 Elección del plan de la planta: 802 11.4 Resumen: 803 Referencias: 803 Problemas: 804 Capítulo 12 - PREPARACIÓN DEL PLAN DE LA PLANTA, IMPLEMENTACIÓN Y MANTENIMIENTO 12.1 Introducción: 807 12.2 Preparación del plan de la planta: 807 12.3 Presentación del plan de la planta: 831 12.4 Implementación del plan de la planta: 834 12.5 Mantenimiento del plan de la planta: 836 12.6 Resumen: 839 Referencias: 839 Problemas: 840 Apéndices Apéndice 5B - EQUIPO PARA EL MANEJO DE MATERIALES Introducción | ||
| 520 | _aTompkins, White, Bozer y Tanchoco hoy en día es el libro líder en el mercado sobre las instalaciones principales de planificación. Su mezcla de amplitud y profundidad de la cobertura son incomparables. Miles de estudiantes y los profesionales de la ingeniería han utilizado el libro para prepararse para diseñar nuevas instalaciones y expandir o renovar las instalaciones existentes. El libro combina aspectos aplicados con metodologías cuantitativas comprobadas. Lleva al lector a través de todo el proceso de planificación de instalaciones, independientemente de la configuración de la aplicación de las instalaciones. | ||
| 526 | _aIngeniería en Logística | ||
| 700 | 1 |
_aJohn A. White _94441 _eautor |
|
| 700 | 1 |
_a Yavuz A. Bozer _94442 _eautor |
|
| 700 | 1 |
_aJ. M. A. Tanchoco _94443 _eautor |
|
| 942 |
_2lcc _cLIB _n0 |
||
| 945 |
_a1257 _bEva María Flores López _c1257 _dEva María Flores López |
||
| 999 |
_c10734 _d10734 |
||